[Event "Titled Tuesday intern op 18th Jan"]
[Site "Chess.com INT"]
[Date "2022.01.18"]
[Round "7"]
[White "Dodeja, Pawan"]
[Black "Antonova, Nadezhda"]
[Result "0-1"]
[WhiteElo "2192"]
[BlackElo "1842"]
[PlyCount "86"]
[EventDate "2022.01.18"]
[EventType "swiss (blitz)"]
[EventRounds "11"]
[EventCountry "USA"]
[SourceTitle "CBM 206 Extra"]
[Source "ChessBase"]
[SourceDate "2022.03.31"]
[SourceVersion "1"]
[SourceVersionDate "2022.03.31"]
[SourceQuality "1"]

1. Nf3 Nf6 2. b3 c5 3. Bb2 g6 4. Bxf6 exf6 5. c4 d5 6. cxd5 Qxd5 7. Nc3 Qd8 8. g3 Bg7 9. Bg2 0-0 10. 0-0 Nc6 11. Rc1 Re8 12. d3 Nd4 13. Na4 Nxe2+ 14. Kh1 Nxc1 15. Qxc1 b6 16. Ne5 Rxe5 17. Bxa8 Ba6 18. Bg2 f5 19. Re1 Rxe1+ 20. Qxe1 Bxd3 21. Nc3 Bxc3 22. Qxc3 Qd4 23. Qxd4 cxd4 24. Kg1 b5 25. b4 Kg7 26. f4 Kf6 27. a3 Ke7 28. Kf2 Kd6 29. Ke1 Be4 30. Bf1 d3 31. Kd2 Kd5 32. Kc3 a6 33. h3 f6 34. h4 h6 35. h5 g5 36. Bh3 d2 37. Kxd2 Kc4 38. Bf1+ Kb3 39. Be2 Kxa3 40. Kc3 a5 41. bxa5 b4+ 42. Kd4 b3 43. a6 b2 0-1

[Event "Titled Tuesday intern op 28th Sept"]
[Site "Chess.com INT"]
[Date "2021.09.28"]
[Round "11"]
[White "Martin, Lewis"]
[Black "Dodeja, Pawan"]
[Result "0-1"]
[WhiteElo "2205"]
[BlackElo "2192"]
[PlyCount "72"]
[EventDate "2021.09.28"]
[EventType "swiss (blitz)"]
[EventRounds "11"]
[EventCountry "USA"]
[SourceTitle "CBM 204 Extra"]
[Source "ChessBase"]
[SourceDate "2021.11.30"]
[SourceVersion "1"]
[SourceVersionDate "2021.11.30"]
[SourceQuality "1"]

1. e4 c5 2. Nf3 d6 3. d4 cxd4 4. Nxd4 Nf6 5. Nc3 g6 6. Be3 Bg7 7. Bc4 Nc6 8. Bb3 0-0 9. h3 Bd7 10. Qd2 Rc8 11. 0-0-0 Ne5 12. g4 Qa5 13. Kb1 Rxc3 14. Qxc3 Qxc3 15. bxc3 Nxe4 16. Kb2 Rc8 17. f4 Nc4+ 18. Bxc4 Rxc4 19. Rd3 b5 20. a3 a5 21. Re1 e6 22. f5 d5 23. fxe6 fxe6 24. Kb3 Nc5+ 25. Kb2 b4 26. axb4 axb4 27. cxb4 Nxd3+ 28. cxd3 Rxd4 29. Bxd4 Bxd4+ 30. Kb3 Kf7 31. g5 Bb5 32. Kc2 e5 33. Kd2 Ke6 34. Rf1 e4 35. Rc1 Bxd3 36. Rc7 Bb5 0-1

[Event "Titled Tuesday intern op 28th Sept"]
[Site "Chess.com INT"]
[Date "2021.09.28"]
[Round "9"]
[White "Redzisz, Michal"]
[Black "Dodeja, Pawan"]
[Result "1-0"]
[WhiteElo "2219"]
[BlackElo "2192"]
[PlyCount "81"]
[EventDate "2021.09.28"]
[EventType "swiss (blitz)"]
[EventRounds "11"]
[EventCountry "USA"]
[SourceTitle "CBM 204 Extra"]
[Source "ChessBase"]
[SourceDate "2021.11.30"]
[SourceVersion "1"]
[SourceVersionDate "2021.11.30"]
[SourceQuality "1"]

1. c4 e6 2. Nc3 d5 3. d4 a6 4. Nf3 Nf6 5. cxd5 exd5 6. Bg5 c6 7. e3 Bf5 8. Bd3 Bxd3 9. Qxd3 Be7 10. 0-0 Nbd7 11. Ne5 0-0 12. Nxd7 Qxd7 13. Bxf6 Bxf6 14. Na4 Be7 15. Nb6 Qc7 16. Nxa8 Rxa8 17. Rac1 Bd6 18. g3 Qe7 19. a3 g6 20. Kg2 Re8 21. Rfe1 h5 22. h4 Qe6 23. f3 f5 24. Re2 Kh7 25. Rce1 a5 26. e4 fxe4 27. fxe4 dxe4 28. Qxe4 Qxe4+ 29. Rxe4 Rd8 30. Rf1 Kg7 31. g4 hxg4 32. Rxg4 Be7 33. Rgf4 Kh6 34. Kh3 Rd5 35. Kg4 a4 36. Re1 Bd8 37. Re8 Bb6 38. Rh8+ Kg7 39. Rb8 Rd7 40. d5 cxd5 41. Rb4 1-0

[Event "Titled Tuesday intern op 06th Apr"]
[Site "Chess.com INT"]
[Date "2021.04.06"]
[Round "7"]
[White "Dodeja, Pawan"]
[Black "Henderson de la Fuente, Lance"]
[Result "1-0"]
[WhiteElo "2192"]
[BlackElo "2491"]
[PlyCount "125"]
[EventDate "2021.04.06"]
[EventType "swiss (blitz)"]
[EventRounds "11"]
[EventCountry "USA"]
[SourceTitle "CBM 201 Extra"]
[Source "ChessBase"]
[SourceDate "2021.05.31"]
[SourceVersion "1"]
[SourceVersionDate "2021.05.31"]
[SourceQuality "1"]

1. e4 c5 2. Nf3 e6 3. g3 Nc6 4. Bg2 Nf6 5. d3 d5 6. Nbd2 Be7 7. 0-0 b6 8. Re1 Bb7 9. a3 Qc7 10. exd5 Nxd5 11. Ne4 0-0 12. h4 h6 13. Bd2 Rad8 14. Qc1 Nd4 15. Bxh6 gxh6 16. Qxh6 Nf5 17. Qh5 Nf6 18. Qg5+ Ng7 19. Nxf6+ Bxf6 20. Qxf6 Bxf3 21. Bxf3 Rd4 22. Re5 Qd8 23. Qh6 f6 24. Re4 Rxe4 25. Bxe4 f5 26. Bf3 Qd4 27. Rb1 a5 28. Qe3 Qf6 29. c3 f4 30. Qxf4 Qxf4 31. gxf4 Rxf4 32. Be4 Rxh4 33. b4 axb4 34. axb4 Rh5 35. bxc5 bxc5 36. Rb8+ Kf7 37. c4 Kf6 38. Kf1 Rg5 39. Ke2 Nh5 40. Ke3 Rg1 41. Rh8 Ng7 42. Rf8+ Ke7 43. Rg8 Kf7 44. Rc8 Rg5 45. f4 Rh5 46. Kf3 Nf5 47. Bxf5 Rxf5 48. Ke4 Ke7 49. Rg8 Kd6 50. Rg5 Rf7 51. Rg6 Rf5 52. Rh6 Rf7 53. Rh8 Rg7 54. Ra8 Rf7 55. Ra6+ Ke7 56. Ra7+ Kf6 57. Rxf7+ Kxf7 58. d4 cxd4 59. Kxd4 Ke7 60. Ke5 Kd7 61. c5 Ke7 62. c6 Kf7 63. c7 1-0

[Event "Titled Tuesday intern op 06th Apr"]
[Site "Chess.com INT"]
[Date "2021.04.06"]
[Round "8"]
[White "Fier, Alexandr"]
[Black "Dodeja, Pawan"]
[Result "1-0"]
[WhiteElo "2569"]
[BlackElo "2192"]
[PlyCount "69"]
[EventDate "2021.04.06"]
[EventType "swiss (blitz)"]
[EventRounds "11"]
[EventCountry "USA"]
[SourceTitle "CBM 201 Extra"]
[Source "ChessBase"]
[SourceDate "2021.05.31"]
[SourceVersion "1"]
[SourceVersionDate "2021.05.31"]
[SourceQuality "1"]

1. d4 Nf6 2. c4 e6 3. Nf3 d5 4. Nc3 Be7 5. Bf4 0-0 6. e3 c5 7. dxc5 Bxc5 8. Qc2 Nc6 9. a3 Qa5 10. 0-0-0 dxc4 11. Bxc4 e5 12. Bg5 Be6 13. Bxe6 fxe6 14. Nd2 Bxa3 15. bxa3 Qxa3+ 16. Kb1 Nb4 17. Qb3 Qxb3+ 18. Nxb3 a5 19. Bxf6 Rxf6 20. Ne4 Rf7 21. Nbc5 a4 22. Nxe6 a3 23. Rd2 a2+ 24. Kb2 b5 25. Rhd1 Rfa7 26. Ra1 h6 27. Nc3 Ra5 28. Nc7 Kh7 29. Nxa8 Rxa8 30. Kb3 Na6 31. Raxa2 Nc5+ 32. Kc2 Rc8 33. Kd1 b4 34. Nd5 Nb3 35. Nxb4 1-0

[Event "Titled Tuesday intern op 06th Apr"]
[Site "Chess.com INT"]
[Date "2021.04.06"]
[Round "11"]
[White "Yuan, Qingyu"]
[Black "Dodeja, Pawan"]
[Result "1-0"]
[WhiteElo "2373"]
[BlackElo "2192"]
[PlyCount "89"]
[EventDate "2021.04.06"]
[EventType "swiss (blitz)"]
[EventRounds "11"]
[EventCountry "USA"]
[SourceTitle "CBM 201 Extra"]
[Source "ChessBase"]
[SourceDate "2021.05.31"]
[SourceVersion "1"]
[SourceVersionDate "2021.05.31"]
[SourceQuality "1"]

1. e4 c5 2. Nf3 d6 3. Bb5+ Bd7 4. Bxd7+ Qxd7 5. c4 Nc6 6. Nc3 g6 7. d4 cxd4 8. Nxd4 Bg7 9. Be3 Nf6 10. f3 0-0 11. 0-0 Rfc8 12. b3 Qd8 13. Rc1 Nxd4 14. Bxd4 Nd7 15. Nd5 Nc5 16. Qd2 Bxd4+ 17. Qxd4 Ne6 18. Qe3 Nc7 19. Nc3 Ne6 20. Nd5 Nc7 21. Rfe1 Nxd5 22. exd5 Rc7 23. Rcd1 Rd7 24. Rd4 Qb6 25. Kh1 a5 26. a4 Re8 27. Qd3 Qb4 28. Rde4 Qa3 29. Qe3 Qb2 30. h3 Qf6 31. Rf4 Qg5 32. Qd4 Qh6 33. Rfe4 Qg7 34. Qd2 b6 35. Qg5 Kf8 36. R1e3 h6 37. Qh4 g5 38. Qg4 Rc7 39. Qf5 Qa1+ 40. Kh2 Qg7 41. Re6 Kg8 42. Rxd6 Rcc8 43. Rxe7 Rxe7 44. Qxc8+ Kh7 45. Qf5+ 1-0

[Event "Titled Tuesday intern op 30th Mar"]
[Site "Chess.com INT"]
[Date "2021.03.30"]
[Round "3"]
[White "Dodeja, Pawan"]
[Black "Bures, Vit"]
[Result "1-0"]
[WhiteElo "2192"]
[BlackElo "2119"]
[PlyCount "81"]
[EventDate "2021.03.30"]
[EventType "swiss (blitz)"]
[EventRounds "11"]
[EventCountry "USA"]
[SourceTitle "CBM 201 Extra"]
[Source "ChessBase"]
[SourceDate "2021.05.31"]
[SourceVersion "1"]
[SourceVersionDate "2021.05.31"]
[SourceQuality "1"]

1. c4 Nf6 2. Nf3 c5 3. g3 b6 4. Bg2 Bb7 5. 0-0 e6 6. Nc3 Be7 7. d4 cxd4 8. Qxd4 0-0 9. b3 d6 10. Ba3 Na6 11. Rfd1 Nc5 12. Nb5 Nfe4 13. Qe3 Bf6 14. Rac1 a6 15. Nbd4 Qc7 16. Nd2 Nxd2 17. Rxd2 Bxg2 18. Kxg2 Qb7+ 19. Qf3 Rac8 20. Qxb7 Nxb7 21. Rcd1 Rfd8 22. e4 g6 23. f4 Be7 24. Nf3 Nc5 25. Bxc5 bxc5 26. e5 dxe5 27. Rxd8+ Rxd8 28. Rxd8+ Bxd8 29. Nxe5 Bc7 30. Nd3 Bd6 31. h3 f5 32. Kf3 Kf7 33. Nb2 Kf6 34. Nd3 g5 35. fxg5+ Kxg5 36. g4 fxg4+ 37. hxg4 Kf6 38. Nf2 Be7 39. Ke4 Kg5 40. Kf3 Kf6 41. a3 1-0

[Event "Titled Tuesday intern op 30th Mar"]
[Site "Chess.com INT"]
[Date "2021.03.30"]
[Round "7"]
[White "Dodeja, Pawan"]
[Black "Ozen, Bahadir"]
[Result "1-0"]
[WhiteElo "2192"]
[BlackElo "2369"]
[PlyCount "55"]
[EventDate "2021.03.30"]
[EventType "swiss (blitz)"]
[EventRounds "11"]
[EventCountry "USA"]
[SourceTitle "CBM 201 Extra"]
[Source "ChessBase"]
[SourceDate "2021.05.31"]
[SourceVersion "1"]
[SourceVersionDate "2021.05.31"]
[SourceQuality "1"]

1. e4 g6 2. Nf3 d6 3. Bc4 Nf6 4. d3 Bg7 5. a3 0-0 6. Ba2 c6 7. Nc3 d5 8. Bg5 Nbd7 9. h3 Qa5 10. 0-0 e6 11. Qc1 Qc7 12. Bf4 Qd8 13. Bd6 b6 14. Bxf8 Qxf8 15. Re1 Bb7 16. a4 Rd8 17. a5 b5 18. exd5 exd5 19. d4 a6 20. Qf4 Nh5 21. Qc7 Ba8 22. Qa7 Nf4 23. Ne2 Ne6 24. c3 Rb8 25. Qxd7 Rd8 26. Qa7 Rb8 27. Qxa6 Nc7 28. Qa7 1-0

[Event "Titled Tuesday intern op 30th Mar"]
[Site "Chess.com INT"]
[Date "2021.03.30"]
[Round "5"]
[White "Dodeja, Pawan"]
[Black "Ronka, Erik"]
[Result "1/2-1/2"]
[WhiteElo "2192"]
[BlackElo "2303"]
[PlyCount "92"]
[EventDate "2021.03.30"]
[EventType "swiss (blitz)"]
[EventRounds "11"]
[EventCountry "USA"]
[SourceTitle "CBM 201 Extra"]
[Source "ChessBase"]
[SourceDate "2021.05.31"]
[SourceVersion "1"]
[SourceVersionDate "2021.05.31"]
[SourceQuality "1"]

1. c4 c6 2. Nf3 d5 3. g3 Nf6 4. Bg2 Bg4 5. Ne5 Be6 6. cxd5 Bxd5 7. Nf3 c5 8. Nc3 Bc6 9. 0-0 e6 10. d3 Be7 11. b3 0-0 12. Bb2 Nbd7 13. a3 Rc8 14. Rc1 b6 15. Re1 Qc7 16. Qc2 Qb7 17. e4 Rfd8 18. Qb1 Ng4 19. Ne2 Bf6 20. Qa1 Bxb2 21. Qxb2 Qb8 22. d4 Bxe4 23. h3 Ngf6 24. Nf4 Qb7 25. Ne5 Bxg2 26. Nxg2 cxd4 27. Qxd4 Nxe5 28. Qxe5 Nd5 29. h4 h6 30. Ne3 Nxe3 31. Qxe3 Rd5 32. Rxc8+ Qxc8 33. Rc1 Qd7 34. Qc3 Rd1+ 35. Rxd1 Qxd1+ 36. Kh2 Qd7 37. a4 g6 38. Qe5 h5 39. Qb8+ Kh7 40. Qf8 Qc7 41. b4 a5 42. bxa5 bxa5 43. Kg1 Qd7 44. Kh2 Qc7 45. Kg1 Qd7 46. Kh2 Qc7 1/2-1/2

[Event "Titled Tuesday intern op 30th Mar"]
[Site "Chess.com INT"]
[Date "2021.03.30"]
[Round "8"]
[White "Postny, Evgeny"]
[Black "Dodeja, Pawan"]
[Result "1-0"]
[WhiteElo "2605"]
[BlackElo "2192"]
[PlyCount "127"]
[EventDate "2021.03.30"]
[EventType "swiss (blitz)"]
[EventRounds "11"]
[EventCountry "USA"]
[SourceTitle "CBM 201 Extra"]
[Source "ChessBase"]
[SourceDate "2021.05.31"]
[SourceVersion "1"]
[SourceVersionDate "2021.05.31"]
[SourceQuality "1"]

1. e4 c5 2. Nf3 d6 3. d4 cxd4 4. Nxd4 Nf6 5. Nc3 g6 6. Be2 Bg7 7. 0-0 0-0 8. Re1 Nc6 9. Bf1 Bg4 10. Qd3 Nxd4 11. Qxd4 Qa5 12. h3 Be6 13. Qa4 Qxa4 14. Nxa4 Rfc8 15. Nc3 Rxc3 16. bxc3 Rc8 17. Bd2 Nd7 18. a4 Ne5 19. Reb1 Rc7 20. a5 Nc4 21. Bxc4 Bxc4 22. Ra3 Ba6 23. Be3 Rc4 24. f3 Rxc3 25. Rxc3 Bxc3 26. Bxa7 Bxa5 27. Bd4 f6 28. Kf2 Kf7 29. Ra1 Bc7 30. Ra3 Ke6 31. Rc3 Kd7 32. Be3 Ba5 33. Rb3 Bc7 34. Bb6 Bb8 35. Rc3 e6 36. h4 d5 37. exd5 exd5 38. Bd4 f5 39. Re3 Bf4 40. Re1 Bd6 41. g4 fxg4 42. fxg4 h5 43. g5 Bb5 44. Kf3 Ba4 45. Re2 b5 46. Rf2 b4 47. Ke3 b3 48. cxb3 Bxb3 49. Rf7+ Ke8 50. Rf6 Bg3 51. Rxg6 Bxh4 52. Kf4 Bd1 53. Re6+ Kf7 54. Rf6+ Kg8 55. Rd6 Be1 56. Kf5 h4 57. g6 Kf8 58. g7+ Kf7 59. Rd7+ Ke8 60. g8Q+ Kxd7 61. Qe6+ Kc7 62. Qxe1 Bc2+ 63. Ke5 Be4 64. Qxh4 1-0

[Event "Panchavati Resha op 3rd"]
[Site "Panchavati"]
[Date "2017.07.20"]
[Round "5"]
[White "Saravana, Krishnan P"]
[Black "Dodeja, Pawan"]
[Result "1-0"]
[WhiteElo "2350"]
[BlackElo "2228"]
[PlyCount "117"]
[EventDate "2017.07.18"]
[EventType "swiss"]
[EventRounds "10"]
[EventCountry "IND"]
[SourceTitle "EXT 2018"]
[Source "ChessBase"]
[SourceDate "2017.10.13"]
[SourceVersion "1"]
[SourceVersionDate "2017.10.13"]
[SourceQuality "1"]

1. e4 c6 2. d4 d5 3. e5 Bf5 4. Nd2 e6 5. Nb3 Nd7 6. Nf3 Bg6 7. Be2 Nh6 8. 0-0 Nf5 9. Bd2 Be7 10. Ba5 b6 11. Bd2 a5 12. a4 0-0 13. c4 Bh5 14. Rc1 dxc4 15. Rxc4 b5 16. axb5 cxb5 17. Rc1 a4 18. Na1 Nb6 19. Nc2 Rc8 20. Ba5 Ra8 21. Qe1 Qb8 22. h3 Nc4 23. Bb4 Bxf3 24. Bxf3 Ra7 25. Be4 Bxb4 26. Qxb4 Ne7 27. Ne3 Rd8 28. Rfd1 Nd5 29. Nxd5 exd5 30. Bxd5 Rxd5 31. Rxc4 Qf8 32. Rc5 Rad7 33. Rxb5 Qxb4 34. Rxb4 g5 35. Rxa4 Rxe5 36. dxe5 Rxd1+ 37. Kh2 h5 38. h4 Rd2 39. Kg3 Rd3+ 40. f3 g4 41. Re4 gxf3 42. gxf3 Kg7 43. Rb4 Rd1 44. Kf4 Rf1 45. Rb7 Kg6 46. Rb6+ Kg7 47. b4 Rf2 48. b5 Rf1 49. Rb8 Kg6 50. Rc8 Rf2 51. b6 Rb2 52. Rc6+ Kg7 53. Kg5 Rb5 54. f4 Rb4 55. Rd6 Kh7 56. e6 Kg7 57. e7 Rb5+ 58. f5 Re5 59. b7 1-0

[Event "New Delhi Parsvnath op 15th"]
[Site "New Delhi"]
[Date "2017.01.10"]
[Round "2"]
[White "Dodeja, Pawan"]
[Black "Deviatkin, Andrei"]
[Result "1/2-1/2"]
[WhiteElo "2189"]
[BlackElo "2499"]
[PlyCount "47"]
[EventDate "2017.01.09"]
[EventType "swiss"]
[EventRounds "10"]
[EventCountry "IND"]
[SourceTitle "CBM 176 Extra"]
[Source "ChessBase"]
[SourceDate "2017.03.02"]
[SourceVersion "1"]
[SourceVersionDate "2017.03.02"]
[SourceQuality "1"]

1. e4 c6 2. d4 d5 3. Nd2 dxe4 4. Nxe4 Bf5 5. Ng3 Bg6 6. Bc4 e6 7. N1e2 Bd6 8. Nf4 Nf6 9. c3 Nbd7 10. h4 Bxf4 11. Bxf4 h6 12. a4 0-0 13. h5 Bh7 14. 0-0 Nd5 15. Bd2 Qh4 16. Qf3 Ne5 17. dxe5 Qxc4 18. Rfe1 f6 19. exf6 Rxf6 20. Qe2 Qh4 21. c4 Nf4 22. Bxf4 Qxf4 23. Ra3 e5 24. Rf3 1/2-1/2

[Event "New Delhi Parsvnath op 15th"]
[Site "New Delhi"]
[Date "2017.01.10"]
[Round "3"]
[White "Hesham, Abdelrahman"]
[Black "Dodeja, Pawan"]
[Result "0-1"]
[WhiteElo "2418"]
[BlackElo "2189"]
[PlyCount "56"]
[EventDate "2017.01.09"]
[EventType "swiss"]
[EventRounds "10"]
[EventCountry "IND"]
[SourceTitle "CBM 176 Extra"]
[Source "ChessBase"]
[SourceDate "2017.03.02"]
[SourceVersion "1"]
[SourceVersionDate "2017.03.02"]
[SourceQuality "1"]

1. c4 e6 2. g3 d5 3. Bg2 Nf6 4. Nf3 d4 5. 0-0 c5 6. e3 Nc6 7. exd4 cxd4 8. Re1 Be7 9. d3 0-0 10. a3 a5 11. Ne5 Nxe5 12. Rxe5 Nd7 13. Rb5 Nc5 14. a4 Bd7 15. Na3 Bc6 16. f4 Qd7 17. b3 Rfe8 18. Rb1 Bf8 19. Qd2 Bxg2 20. Qxg2 e5 21. fxe5 Nxd3 22. Nc2 Rxe5 23. Rxb7 Qg4 24. Qf1 Re2 25. Qxf7+ Kh8 26. Bh6 Ne5 27. Qc7 Nf3+ 28. Kf1 Rxc2 0-1

[Event "Mumbai Mayors Cup 9th"]
[Site "Mumbai"]
[Date "2016.06.03"]
[Round "3"]
[White "Dodeja, Pawan"]
[Black "Visakh, Narayanan Rajeswari"]
[Result "0-1"]
[WhiteElo "2165"]
[BlackElo "2400"]
[PlyCount "112"]
[EventDate "2016.06.02"]
[EventType "swiss"]
[EventRounds "10"]
[EventCountry "IND"]
[SourceTitle "CBM 173 Extra"]
[Source "ChessBase"]
[SourceDate "2016.08.29"]
[SourceVersion "1"]
[SourceVersionDate "2016.08.29"]
[SourceQuality "1"]

1. e4 e5 2. Nf3 Nf6 3. Bc4 Bc5 4. 0-0 Nc6 5. d4 exd4 6. e5 d5 7. exf6 dxc4 8. fxg7 Rg8 9. Re1+ Be6 10. Bg5 Be7 11. Bxe7 Kxe7 12. Re4 d3 13. Nbd2 dxc2 14. Qxc2 Qd3 15. Qxc4 Qxc4 16. Nxc4 Rxg7 17. Nd4 Nxd4 18. Rxd4 c5 19. Rf4 Rd8 20. Ne3 Kf8 21. Ra4 a6 22. Ra5 c4 23. Rc1 f6 24. Rc5 Rgd7 25. a4 Rd2 26. h4 b6 27. Rc6 R2d6 28. Rc7 R8d7 29. Rc8+ Kf7 30. Rb8 Rc6 31. Rd1 Rxd1+ 32. Nxd1 Bc8 33. Ra8 Ke6 34. Ra7 h5 35. g4 hxg4 36. h5 Rc5 37. h6 Rh5 38. Rc7 Bd7 39. Rxc4 f5 40. Ne3 Rxh6 41. Kf1 Ke5 42. Rb4 b5 43. axb5 Bxb5+ 44. Kg2 Bc6+ 45. Kf1 Bb5+ 46. Kg2 Rh3 47. Nc4+ Kf6 48. Ne3 Bc6+ 49. Kf1 Rh1+ 50. Ke2 Kg5 51. Rd4 Bf3+ 52. Kd3 f4 53. Nc4 Rf1 54. Ne5 Rxf2 55. Nf7+ Kg6 56. Ne5+ Kf5 0-1

[Event "Panchavati op 2nd"]
[Site "Panchavati"]
[Date "2016.05.21"]
[Round "9"]
[White "Dodeja, Pawan"]
[Black "Aryan, Abhijeet Shah"]
[Result "1-0"]
[WhiteElo "2171"]
[BlackElo "1713"]
[PlyCount "61"]
[EventDate "2016.05.17"]
[EventType "swiss"]
[EventRounds "10"]
[EventCountry "IND"]
[SourceTitle "CBM 172 Extra"]
[Source "ChessBase"]
[SourceDate "2016.06.21"]
[SourceVersion "1"]
[SourceVersionDate "2016.06.21"]
[SourceQuality "1"]

1. e4 e6 2. d3 d5 3. Nd2 Nf6 4. Ngf3 c5 5. g3 Be7 6. Bg2 0-0 7. 0-0 Nc6 8. Re1 b5 9. e5 Nd7 10. Nf1 a5 11. h4 Ba6 12. N1h2 b4 13. Bf4 a4 14. Ng5 Qe8 15. c4 Nb6 16. cxd5 Nxd5 17. Be4 Bxg5 18. hxg5 Nce7 19. Qh5 Nf5 20. Ng4 Bb7 21. Rac1 Nxf4 22. gxf4 Bxe4 23. dxe4 Nd4 24. Nf6+ gxf6 25. exf6 Kh8 26. Re3 Qc6 27. Qh6 Ne2+ 28. Kh2 Rg8 29. Qxh7+ Kxh7 30. Rh3+ Kg6 31. Rh6# 1-0

[Event "Panchavati op 2nd"]
[Site "Panchavati"]
[Date "2016.05.19"]
[Round "5"]
[White "Dodeja, Pawan"]
[Black "Gagare, Shardul"]
[Result "1/2-1/2"]
[WhiteElo "2171"]
[BlackElo "2514"]
[PlyCount "37"]
[EventDate "2016.05.17"]
[EventType "swiss"]
[EventRounds "10"]
[EventCountry "IND"]
[SourceTitle "CBM 172 Extra"]
[Source "ChessBase"]
[SourceDate "2016.06.21"]
[SourceVersion "1"]
[SourceVersionDate "2016.06.21"]
[SourceQuality "1"]

1. e4 e6 2. d4 d5 3. Nd2 c5 4. dxc5 Bxc5 5. Bd3 Nc6 6. Ngf3 Nf6 7. 0-0 dxe4 8. Nxe4 Nxe4 9. Bxe4 Qxd1 10. Rxd1 f6 11. Bxc6+ bxc6 12. Nd4 Bd7 13. Nb3 Be7 14. Be3 e5 15. f3 a5 16. Nc5 Bf5 17. Ne4 Kf7 18. Nd6+ Ke6 19. Nxf5 1/2-1/2

[Event "Panchavati op 2nd"]
[Site "Panchavati"]
[Date "2016.05.19"]
[Round "4"]
[White "Gaurav, Rajesh Zagade"]
[Black "Dodeja, Pawan"]
[Result "0-1"]
[WhiteElo "1705"]
[BlackElo "2171"]
[PlyCount "108"]
[EventDate "2016.05.17"]
[EventType "swiss"]
[EventRounds "10"]
[EventCountry "IND"]
[SourceTitle "CBM 172 Extra"]
[Source "ChessBase"]
[SourceDate "2016.06.21"]
[SourceVersion "1"]
[SourceVersionDate "2016.06.21"]
[SourceQuality "1"]

1. d4 Nf6 2. Nf3 c5 3. e3 cxd4 4. exd4 d5 5. Bd3 Nc6 6. h3 g6 7. c3 Bg7 8. Bf4 0-0 9. 0-0 Bf5 10. Qc2 Bxd3 11. Qxd3 Qb6 12. Nbd2 Nd7 13. Rfe1 Rfe8 14. Rab1 a5 15. a4 Qa6 16. Qxa6 Rxa6 17. Ne5 Ncxe5 18. Bxe5 Bxe5 19. dxe5 Nc5 20. b3 Rc8 21. Re3 Rac6 22. Rc1 Ne6 23. c4 Rd8 24. Rf3 Kg7 25. Kf1 dxc4 26. Nxc4 Rd5 27. Re1 Rc7 28. Rc3 b5 29. axb5 Rxb5 30. Rec1 Nd4 31. Nd2 Rxc3 32. Rxc3 Rxe5 33. Nf3 Nxf3 34. Rxf3 g5 35. Rc3 h5 36. f3 h4 37. Kf2 Kg6 38. g3 hxg3+ 39. Kxg3 Kh5 40. Rc8 Rb5 41. Rh8+ Kg6 42. Ra8 e6 43. Rg8+ Kf5 44. Ra8 f6 45. Rc8 Ke5 46. Rc6 Kd5 47. Ra6 Ke5 48. Rc6 f5 49. Rc4 Kd5 50. Ra4 e5 51. h4 gxh4+ 52. Kxh4 Rb4+ 53. Kg5 Rxa4 54. bxa4 e4 0-1

[Event "IND-chT 35th"]
[Site "Goa"]
[Date "2015.02.23"]
[Round "5"]
[White "Narayanan, Srinath"]
[Black "Dodeja, Pawan"]
[Result "1-0"]
[WhiteElo "2454"]
[BlackElo "2178"]
[PlyCount "91"]
[EventDate "2015.02.20"]
[EventType "team-swiss"]
[EventRounds "9"]
[EventCountry "IND"]
[SourceTitle "CBM 165 Extra"]
[Source "ChessBase"]
[SourceDate "2015.04.21"]
[SourceVersion "1"]
[SourceVersionDate "2015.04.21"]
[SourceQuality "1"]
[WhiteTeam "Air India"]
[BlackTeam "Maharashtra CA"]
[WhiteTeamCountry "IND"]
[BlackTeamCountry "IND"]

1. e4 c5 2. Nf3 d6 3. d4 cxd4 4. Nxd4 Nf6 5. Nc3 g6 6. Be3 Bg7 7. f3 Nc6 8. Qd2 0-0 9. 0-0-0 d5 10. Qe1 e5 11. Nxc6 bxc6 12. exd5 cxd5 13. Bg5 Be6 14. Bc4 Qc7 15. Bxf6 dxc4 16. Bxg7 Kxg7 17. Nd5 Bxd5 18. Rxd5 Rfe8 19. Qc3 Kg8 20. g3 e4 21. fxe4 Rxe4 22. Rhd1 Rae8 23. Rd7 Qc5 24. Qf6 Qe3+ 25. Kb1 R4e7 26. a4 h5 27. Rxe7 Qxe7 28. Qc6 Qe4 29. Qxe4 Rxe4 30. Rd7 Re2 31. Rxa7 Rxh2 32. a5 h4 33. gxh4 Rxh4 34. a6 Rh5 35. Rd7 Ra5 36. a7 Kg7 37. b4 cxb3 38. cxb3 Kf6 39. b4 Ra4 40. b5 Ke6 41. Rb7 Kd5 42. b6 Kc6 43. Rb8 g5 44. a8Q+ Rxa8 45. Rxa8 Kxb6 46. Rf8 1-0

[Event "New Delhi Parsvnath op 13th"]
[Site "New Delhi"]
[Date "2015.01.16"]
[Round "10"]
[White "Evdokimov, Alexander A"]
[Black "Dodeja, Pawan"]
[Result "1-0"]
[WhiteElo "2538"]
[BlackElo "2172"]
[PlyCount "93"]
[EventDate "2015.01.09"]
[EventType "tourn"]
[EventRounds "10"]
[EventCountry "IND"]
[SourceTitle "CBM 164 Extra"]
[Source "ChessBase"]
[SourceDate "2015.03.02"]
[SourceVersion "1"]
[SourceVersionDate "2015.03.02"]
[SourceQuality "1"]

1. d4 Nf6 2. c4 e6 3. Nf3 b6 4. g3 Ba6 5. Nbd2 Bb4 6. Qc2 Bb7 7. Bg2 Be4 8. Qb3 Bxd2+ 9. Bxd2 0-0 10. 0-0 a5 11. Rac1 d6 12. Rfd1 Nbd7 13. Be3 h6 14. Bh3 Qe7 15. Nd2 Bb7 16. f3 e5 17. Qc3 Rfe8 18. d5 Bc8 19. b3 Nf8 20. Bg2 N6h7 21. a3 f5 22. b4 Nf6 23. Nb3 a4 24. Nd2 g5 25. Bf2 f4 26. e4 fxg3 27. hxg3 h5 28. c5 bxc5 29. bxc5 h4 30. cxd6 cxd6 31. Qc7 hxg3 32. Bxg3 Ba6 33. Qxe7 Rxe7 34. Rc6 Ne8 35. Rb1 Nd7 36. Bf2 Ndf6 37. Rb4 Be2 38. Be3 Nh5 39. Kf2 Bd1 40. Bxg5 Rg7 41. Be3 Nef6 42. Bh3 Rf8 43. Bh6 Nf4 44. Bxg7 Nd3+ 45. Ke3 Nxb4 46. Bxf8 Nxc6 47. dxc6 1-0

[Event "New Delhi Parsvnath op 13th"]
[Site "New Delhi"]
[Date "2015.01.11"]
[Round "4"]
[White "Dodeja, Pawan"]
[Black "Rathnakaran, Kantholi"]
[Result "1/2-1/2"]
[WhiteElo "2172"]
[BlackElo "2387"]
[PlyCount "138"]
[EventDate "2015.01.09"]
[EventType "tourn"]
[EventRounds "10"]
[EventCountry "IND"]
[SourceTitle "CBM 164 Extra"]
[Source "ChessBase"]
[SourceDate "2015.03.02"]
[SourceVersion "1"]
[SourceVersionDate "2015.03.02"]
[SourceQuality "1"]

1. e4 e6 2. d4 d5 3. Nd2 Nf6 4. e5 Nfd7 5. Bd3 c5 6. c3 Nc6 7. Ne2 cxd4 8. cxd4 f6 9. Nf4 Nxd4 10. Qh5+ Ke7 11. Ng6+ hxg6 12. exf6+ Nxf6 13. Qxh8 Kf7 14. 0-0 e5 15. Nb3 Nxb3 16. axb3 e4 17. Be2 Be6 18. Bg5 Qb6 19. Rac1 Rd8 20. Qh4 Be7 21. Qg3 Bd6 22. Bf4 Bxf4 23. Qxf4 Qxb3 24. Qe3 Qb4 25. Qxa7 Qxb2 26. Ba6 Qe5 27. Qxb7+ Rd7 28. Qb3 Ng4 29. Qg3 Qxg3 30. hxg3 Ne5 31. Bc8 Ra7 32. Rfd1 g5 33. Bxe6+ Kxe6 34. Ra1 Rd7 35. Ra6+ Kf5 36. Rda1 Rc7 37. Rd6 Rc5 38. Rd1 Nd3 39. f3 Ke5 40. Rd8 Rc3 41. fxe4 dxe4 42. Ra1 Nc5 43. Kf1 Rxg3 44. Re8+ Kf4 45. Rf8+ Kg4 46. Re1 Rc3 47. Rc8 Kg3 48. Kg1 g4 49. Rc7 g5 50. Rc8 Rc2 51. Re3+ Kf4 52. Re1 g3 53. Rf8+ Kg4 54. Rc8 Rc4 55. Rxc5 Rxc5 56. Rxe4+ Kf5 57. Re1 Rc2 58. Ra1 Rc4 59. Rb1 Ke4 60. Ra1 Rc3 61. Rf1 g4 62. Ra1 Kd3 63. Rb1 Kc2 64. Ra1 Re3 65. Rf1 Re2 66. Ra1 Kb2 67. Rd1 Kc2 68. Ra1 Kb2 69. Rd1 Kc2 1/2-1/2